Library Banner

Aqal bedar = عقل بیدار / (Record no. 136310)

MARC details
000 -LEADER
fixed length control field 00587nam a22001577a 4500
005 - DATE AND TIME OF LATEST TRANSACTION
control field 20241216120444.0
008 - FIXED-LENGTH DATA ELEMENTS--GENERAL INFORMATION
fixed length control field 241216b |||||||| |||| 00| 0 eng d
040 ## - CATALOGING SOURCE
Transcribing agency PK-LaUMT
082 ## - DEWEY DECIMAL CLASSIFICATION NUMBER
Classification number APC 297.4
Item number SUL-A
100 ## - MAIN ENTRY--PERSONAL NAME
Personal name Sultanul Arifeen Sultan Bahoo= سلطان العارفین حضرت سلطن باہو
245 ## - TITLE STATEMENT
Title Aqal bedar = عقل بیدار /
Statement of responsibility, etc by Sultanul Arifeen Sultan Bahoo= سلطان العارفین حضرت سلطن باہو
260 ## - PUBLICATION, DISTRIBUTION, ETC. (IMPRINT)
Place of publication, distribution, etc Dera Ismail Khan :
Name of publisher, distributor, etc Faqir Abdul Hameed Sarwari Qadiri,
Date of publication, distribution, etc 1992
300 ## - PHYSICAL DESCRIPTION
Extent 242 p.
546 ## - LANGUAGE NOTE
Language note Urdu
942 ## - ADDED ENTRY ELEMENTS (KOHA)
Koha item type Books
Holdings
Withdrawn status Lost status Damaged status Home library Current library Date acquired Full call number Barcode Date last seen Price effective from Koha item type
      UMT Main Campus UMT Main Campus 2024-12-16 APC 297.4 SUL-A 148245 2024-12-16 2024-12-16 Books